| 000 | 01103ngm a2200313 i 4500 | ||
|---|---|---|---|
| 005 | 20220317001345.0 | ||
| 007 | vd cvbius | ||
| 008 | 210909s2005 sp j s vcspa d | ||
| 020 | _a9781563319934 | ||
| 020 | _a7705127005060 | ||
| 040 |
_aCO-BoRNBP _bspa _erda _cCO-BoRNBP |
||
| 041 | 0 | _aspa | |
| 082 | 0 | 4 |
_a611.12 _bD37a _222 |
| 110 | 2 |
_aDiscovery Communications _9189646 |
|
| 245 | 1 | 0 |
_aAtlas del cuerpo humano, 2 _bla bomba humana _cDiscovery Communications |
| 264 | 1 |
_aBogotá _bMS Tv & Videos _c2005 |
|
| 300 |
_a1 DVD (30 minutos) _bestéreo, color _c12 cm |
||
| 336 |
_aimagen bidimensional en movimiento _btdi _2rdacontent |
||
| 337 |
_avideo _bv _2rdamedia |
||
| 338 |
_avideodisco _bvd _2rdacarrier |
||
| 490 | 0 | _aDiscovery Channel. Estudios sociales | |
| 521 | _aRecomendado para un público mayor de 12 años | ||
| 650 | 1 | 7 |
_aAnatomía humana _vDVD _2LEMB |
| 650 | 1 | 7 |
_aCuerpo humano _vDVD _2LEMB |
| 650 | 1 | 7 |
_aAparato circulatorio _xFunción _vDVD _2LEMB |
| 650 | 1 | 7 |
_aSistema linfático _xFunción _vDVD _2LEMB |
| 650 | 1 | 7 |
_aVasos sanguíneos _xFunción _vDVD _2LEMB |
| 942 |
_2ddc _cDVD |
||
| 999 |
_c6721 _d6721 |
||